00785nam a2200241Ia 4500003000400000005001700004006001800021007000300039008004100042024001000083037001100093040001800104041001300122100001700135110008700152245009800239260000900337650003000346700002600376700002700402700002700429700008700456OSt20220930080905.0a|||||r|||| 00| 0ta220926b |||||||| |||| 00| 0 eng d a96094 cTheses aCRLcCRLbeng 2engaeng aSharma Rinku aUniversity of Delhi. Faculty of Medical Sciences. Department of Community Medicine 0aEpidemiological study of orodental health problems in an urban population of South West Delhi c2007 aCOMMUNITY HEALTH SERVICES a Dr. B. R. Dhiman Gu. a Dr. Pravesh Mehra Gu. a Dr. S. K. Pradhan Gu. aUniversity of Delhi. Faculty of Medical Sciences. Department of Community Medicine